Studia philologica Universitatis Constantini Philosophi

Bibliographic Details
Corporate Author: Univerzita Konštantína Filozofa v Nitre (Author)
Format: Serial
Language:Slovak
English
German
PhysicalDescription:zv. 21 cm
Published: Nitra Univerzita Konštantína Filozofa 1999-
ISBN:808050427X (brož. : 2001)
8080505179 (brož. : 2004)
8080502331 (brož. : 1999)
Subjects:

MARC

LEADER 00000cas a2200000 a 4500
001 vtls001432394
003 SK-MaSNL
005 20260228160440.0
008 020415c19999999xo au 0 0b|slo
015 |a SNBA2004/04-01261  |a SNBA2000/12-04334 (r. 1999) 
020 |a 808050427X (brož. : 2001) 
020 |a 8080505179 (brož. : 2004) 
020 |a 8080502331 (brož. : 1999) 
035 |a SNK000387451 
040 |a SNK  |b slo  |c SNK  |e AACR2 
041 0 |a slo  |a eng  |a ger  |b eng 
044 |a xo  |c SK 
072 7 |a 81  |x Lingvistika. Jazyky  |2 konspekt 
072 7 |a 80  |x Filológia  |2 konspekt 
080 |a 81'1  |2 2011 
080 |a (094.9)  |2 2011 
080 |a 050  |2 2011 
080 |a 80  |2 2011 
110 2 |a Univerzita Konštantína Filozofa v Nitre  |4 aut  |9 123721 
245 1 0 |a Studia philologica Universitatis Constantini Philosophi 
246 3 3 |a Studia philologica UCP 
260 |a Nitra  |b Univerzita Konštantína Filozofa  |c 1999- 
300 |a zv.  |c 21 cm 
310 |a 1x ročne 
362 0 |a 1999- 
500 |a Čiast. text nem. a angl. ; res. angl. 
650 0 7 |a lingvistika  |2 SNKPH  |9 860 
650 0 7 |a filológia  |2 SNKPH  |9 861 
655 7 |a zbierky  |2 SNKPH  |9 70533 
710 2 |a Univerzita Konštantína Filozofa v Nitre  |4 pbl  |9 123721 
910 |a snk 
919 |a 80-8050-427-X 
919 |a 80-8050-517-9 
919 |a 80-8050-233-1 
999 |c 2564  |d 4494 
952 |0 0  |1 0  |4 0  |7 1  |8 0  |a SNK  |b SNK  |d 2006-02-22  |i snk2006/3799  |l 0  |o snkČSD 2178/3/2005/1  |p 17A0477673  |r 2026-02-21 19:47:01  |w 2026-02-21  |y NEVYP 
952 |0 0  |1 0  |4 0  |7 0  |8 0  |a SNK  |b SNK  |d 2006-02-22  |i snk2006/3800  |l 0  |o snkČSD 2178/3/2005/1 D1  |p 17A0477674  |r 2026-02-21 19:47:02  |w 2026-02-21  |y PREZ 
952 |0 0  |1 0  |4 0  |7 0  |a SNK  |b SNK  |d 2000-08-25  |i snkKSP 8788/2000  |l 0  |o snkČSD 2178/1/1999  |p 17A0249292  |r 2005-01-02 00:00:00  |w 2026-02-21  |y PREZ 
952 |0 0  |1 0  |4 0  |7 0  |a SNK  |b SNK  |d 2000-08-25  |i snkKSP 8789/2000  |l 0  |o snkČSD 2178/1/1999 D1  |p 17A0249293  |r 2005-01-02 00:00:00  |w 2026-02-21  |y PREZ 
952 |0 0  |1 0  |4 0  |7 0  |a SNK  |b SNK  |d 2002-04-16  |i snkKSP 4351/2002  |l 0  |o snkČSD 2178/2/2001/2  |p 17A0340132  |r 2005-01-02 00:00:00  |w 2026-02-21  |y PREZ 
952 |0 0  |1 0  |4 0  |7 0  |a SNK  |b SNK  |d 2002-04-16  |i snkKSP 4352/2002  |l 0  |o snkČSD 2178/2/2001/2 D1  |p 17A0340133  |r 2005-01-02 00:00:00  |w 2026-02-21  |y PREZ